Geography Quiz

Random Geography or Food Quiz

Best Rated Cuisines Of The World Quiz Stats

Quiz not verified by Sporcle

Also try: 'O' States Blitz
Challenge
Share
Tweet
Embed
Score 0/20 Timer 04:00
0 Plays Today
Hint Country % Correct
Italy
96%
France
95.8%
China
95.3%
Japan
94.8%
Spain
93.3%
Mexico
90.4%
USA
90.1%
India
87.7%
Thailand
84.2%
Germany
83.7%
Hint Country % Correct
Greece
83%
Turkey
71.4%
Vietnam
70.9%
Lebanon
68.4%
South Korea
66.2%
Indonesia
54.3%
Poland
54.3%
Morocco
54.1%
Malaysia
47.2%
Caribbean Islands
42.2%

You're not logged in!

Compare scores with friends on all Sporcle quizzes.
Join for Free
OR
Log In

You Might Also Like...

Show Comments

Extras

Top Quizzes Today


Score Distribution

Your Account Isn't Verified!

In order to create a playlist on Sporcle, you need to verify the email address you used during registration. Go to your Sporcle Settings to finish the process.

Report this User

Report this user for behavior that violates our Community Guidelines.

Details: